header

Understanding nonverbal learning disabilities (Record no. 228307)

MARC details
000 -LEADER
fixed length control field 01334nam a2200337Ia 4500
082 04 - DEWEY DECIMAL CLASSIFICATION NUMBER
Classification number 618.92/85889
100 1# - MAIN ENTRY--AUTHOR NAME
Personal name Mamen, Maggie,
245 10 - TITLE STATEMENT
Title Understanding nonverbal learning disabilities
250 ## - EDITION STATEMENT
Edition statement 1st American pbk. ed.
260 ## - PUBLICATION, DISTRIBUTION, ETC. (IMPRINT)
Place of publication London ;
-- Philadelphia :
Name of publisher Jessica Kingsley Publishers,
Year of publication 2007.
300 ## - PHYSICAL DESCRIPTION
Number of Pages 176 p.
490 1# - SERIES STATEMENT
Series statement JKP essentials
650 #0 - SUBJECT ADDED ENTRY--TOPICAL TERM
Topical Term Learning disabilities.
Topical Term Nonverbal learning disabilities.
856 40 - ELECTRONIC LOCATION AND ACCESS
Uniform Resource Identifier http://site.ebrary.com/lib/rucke/Doc?id=10211705

No items available.

© 2026 Rongo University
Contact us: librarian | system librarian | Rongo university